000 00643nam a22002177a 4500
003 UA-OsUOA
001 57800
007 ta
008 20060904b un ||||| |||| 00| 0 ukr d
090 _a94:323.1(477.54)
_bХ21
942 _cBK
040 _aUA-OsUOA
_bukr
_cUA-OsUOA
_dUA-OsUOA
245 _aХарків-багатонаціональний
_bЗбірник наукових праць
300 _a196 с.
955 _a1
041 _aukr
080 _a94:323.1(477.54)
260 _aХарків
_bХНУ ім.Каразіна
_c2007
650 7 _a9 Географія. Біографії. Історія
_2UDC
999 _c343893
_d343893